[Event "Tournament 14473 - Europe Echecs"]
[Site "Europe Echecs"]
[Date "2020.07.11"]
[Round "5"]
[Time "16:00:12"]
[PlyCount "46"]
[White "CombaudonNatha"]
[Black "WittenbergSere"]
[WhiteElo "1805"]
[BlackElo "1447"]
[Mode "WEB"]
[Result "1-0"]

1. c4 Nf6 2. Nc3 e6 3. e4 Nc6 4. d4 e5 5. d5 Nd4 6. Be3 Bc5 7. Na4 d6 8. Nxc5
dxc5 9. Bd3 O-O 10. Ne2 Bg4 11. f3 Bh5 12. O-O h6 13. Rb1 a5 14. a3 a4 15. Bc2
Qd7 16. Nc3 b6 17. Bxa4 Qe7 18. b4 Nxe4 19. Nxe4 Bg6 20. Bxd4 cxd4 21. Qb3 c5
22. dxc6 Bxe4 23. fxe4 {WittenbergSere a perdu au temps} 1-0

[Event "Tournament 14473 - Europe Echecs"]
[Site "Europe Echecs"]
[Date "2020.07.11"]
[Round "5"]
[Time "16:00:12"]
[PlyCount "86"]
[White "DincovMatei"]
[Black "LeforestierEnz"]
[WhiteElo "1714"]
[BlackElo "1350"]
[Mode "WEB"]
[Result "1-0"]

1. e4 d6 2. d4 Nf6 3. Nc3 g6 4. Nf3 Bg7 5. Be2 O-O 6. O-O Nbd7 7. Bg5 c6 8. Qd2
b5 9. a3 Qc7 10. Rfe1 Bb7 11. Bd3 a6 12. Na2 c5 13. d5 Nb6 14. Rac1 c4 15. Bf1
Nxe4 16. Rxe4 Bxb2 17. Rb1 c3 18. Qd4 Bxd5 19. Rxe7 Qc5 20. Qxc5 dxc5 21. Nc1
Bxa3 22. Nd3 Bxf3 23. gxf3 c4 24. Nb4 Rfe8 25. Rb7 Na4 26. Nd5 Red8 27. Bxd8
Rxd8 28. Ne3 Rd2 29. Rd1 Rxd1 30. Nxd1 Bb2 31. Ra7 Nc5 32. Rc7 Ne6 33. Rc6 Nd4
34. Rxa6 Nxf3+ 35. Kg2 Ne1+ 36. Kg1 Nxc2 37. Ra5 Nd4 38. Ne3 c2 39. Nxc2 Nxc2
40. Rxb5 Ba1 41. Bxc4 Nd4 42. Rb7 Ne6 43. Rb6 {LeforestierEnz a perdu au temps} 1-0

[Event "Tournament 14473 - Europe Echecs"]
[Site "Europe Echecs"]
[Date "2020.07.11"]
[Round "5"]
[Time "16:00:12"]
[PlyCount "76"]
[White "BuffinJean"]
[Black "RebenaFlorian"]
[WhiteElo "1711"]
[BlackElo "1081"]
[Mode "WEB"]
[Result "1-0"]

1. d4 Nf6 2. c4 g6 3. Nc3 Bg7 4. e4 d6 5. f3 O-O 6. Be3 b6 7. Qd2 Bb7 8. Nge2
Nbd7 9. b4 a6 10. Ng3 e6 11. Bd3 c5 12. bxc5 bxc5 13. Rb1 Qb8 14. Bc2 e5 15.
dxc5 dxc5 16. O-O Rd8 17. Nd5 Nxd5 18. cxd5 Qd6 19. Rxb7 Rab8 20. Rxb8 Rxb8 21.
Rb1 Rc8 22. Ba4 c4 23. Qc3 Bf8 24. Bxd7 Qxd7 25. Ne2 Bg7 26. Rb4 f5 27. Rxc4
Rxc4 28. Qxc4 f4 29. Bb6 Qb7 30. d6+ Kf8 31. Qc7 Qa8 32. d7 Bf6 33. Qc8+ Qxc8
34. dxc8=Q+ Ke7 35. Bc5+ Kf7 36. Qf8+ Ke6 37. Qe8+ Be7 38. Qxe7# {RebenaFlorian est échec et mat} 1-0

[Event "Tournament 14473 - Europe Echecs"]
[Site "Europe Echecs"]
[Date "2020.07.11"]
[Round "5"]
[Time "16:00:12"]
[PlyCount "73"]
[White "BruguierFloria"]
[Black "GuitouniSoha"]
[WhiteElo "1422"]
[BlackElo "1780"]
[Mode "WEB"]
[Result "0-1"]

1. e4 c6 2. c4 d5 3. cxd5 cxd5 4. exd5 Nf6 5. Bc4 Nxd5 6. Nf3 Nc6 7. Qb3 e6 8.
O-O Be7 9. Bxd5 exd5 10. Nc3 d4 11. Ne2 O-O 12. d3 b6 13. Qa4 Nb4 14. Rd1 Bf5
15. Nexd4 Bg4 16. h3 Bh5 17. a3 Nd5 18. Qb5 a6 19. Qc4 b5 20. Qb3 Rc8 21. Re1
Bf6 22. Bd2 Qd7 23. Rac1 Nb6 24. Rxc8 Rxc8 25. Bc3 Bg6 26. Qd1 Nd5 27. Qe2 h6
28. Bd2 Bh5 29. Qe4 Bxf3 30. Nxf3 Bxb2 31. Bb4 Nxb4 32. axb4 Bc3 33. Ne5 Qe6 34.
Qb7 Bxe1 35. d4 Bxb4 36. f4 Rd8 {BruguierFloria a perdu au temps} 0-1

[Event "Tournament 14473 - Europe Echecs"]
[Site "Europe Echecs"]
[Date "2020.07.11"]
[Round "5"]
[Time "16:00:12"]
[PlyCount "23"]
[White "SoaresDeMeloNa"]
[Black "BriandAmaury"]
[WhiteElo "1183"]
[BlackElo "1929"]
[Mode "WEB"]
[Result "0-1"]

1. e4 e5 2. Nf3 Nc6 3. Bc4 Nf6 4. d4 exd4 5. e5 d5 6. Bb5 Ne4 7. Nxd4 Bd7 8. O-O
Nxd4 9. Bxd7+ Qxd7 10. Qxd4 c6 11. f3 Bc5 {SoaresDeMeloNa a abandonné} 0-1

[Event "Tournament 14473 - Europe Echecs"]
[Site "Europe Echecs"]
[Date "2020.07.11"]
[Round "5"]
[Time "16:00:12"]
[PlyCount "67"]
[White "LemiereCharlot"]
[Black "ShvedJakov"]
[WhiteElo "1351"]
[BlackElo "1667"]
[Mode "WEB"]
[Result "0-1"]

1. e4 d5 2. Nf3 dxe4 3. Ng5 Nf6 4. Nc3 Bf5 5. Bc4 e6 6. O-O h6 7. Nh3 Bxh3 8.
gxh3 Nh5 9. Qxh5 Bd6 10. Bxe6 g6 11. Qd5 fxe6 12. Qxe6+ Be7 13. Qxe4 Nc6 14. d3
Qd7 15. Nd5 O-O-O 16. Nxe7+ Nxe7 17. Re1 Rhe8 18. Qg4 Nf5 19. Rxe8 Rxe8 20. Bd2
h5 21. Qf3 Nd4 22. Qg2 Nxc2 23. Rc1 Qxd3 24. Qg5 Nd4 25. Qf4 Ne2+ 26. Kh1 Nxf4
27. Bxf4 Qf3+ 28. Kg1 Qxf4 29. Rc3 Re1+ 30. Kg2 Qe4+ 31. f3 Re2+ 32. Kg3 Qe5+
33. Kh4 Qf4# {LemiereCharlot est échec et mat} 0-1

[Event "Tournament 14473 - Europe Echecs"]
[Site "Europe Echecs"]
[Date "2020.07.11"]
[Round "5"]
[Time "16:00:12"]
[PlyCount "73"]
[White "YaylaElif"]
[Black "DecurningeBric"]
[WhiteElo "1199"]
[BlackElo "1582"]
[Mode "WEB"]
[Result "0-1"]

1. d4 Nf6 2. Bf4 d5 3. e3 c5 4. c3 Qb6 5. Qb3 c4 6. Qc2 Nc6 7. b3 cxb3 8. Qxb3
Bf5 9. Nd2 e6 10. Qxb6 axb6 11. Nb3 Ne4 12. Ne2 Ba3 13. f3 Nf6 14. g4 Bc2 15.
Kd2 Bg6 16. Nc5 bxc5 17. Nc1 Bb2 18. Nb3 Bxa1 19. Nxa1 Rxa2+ 20. Ke1 Rxa1+ 21.
Kf2 cxd4 22. cxd4 Ke7 23. Kg3 Bd3 24. Kg2 Rxf1 25. Rxf1 Bxf1+ 26. Kxf1 b5 27.
Ke2 b4 28. Kd2 Ra8 29. Kc2 Nd7 30. Kb3 Nb6 31. Bg3 Ra3+ 32. Kb2 Nc4+ 33. Kb1 b3
34. Bf2 b2 35. h4 Nb4 36. Be1 Ra1# {YaylaElif est échec et mat} 0-1

[Event "Tournament 14473 - Europe Echecs"]
[Site "Europe Echecs"]
[Date "2020.07.11"]
[Round "5"]
[Time "16:00:12"]
[PlyCount "63"]
[White "MartignoniMarg"]
[Black "SwietlikCharle"]
[WhiteElo "1500"]
[BlackElo "1388"]
[Mode "WEB"]
[Result "0-1"]

1. e4 e5 2. Nf3 Nc6 3. Bc4 Bc5 4. d3 Nf6 5. c3 d6 6. h3 Be6 7. Bb3 Qe7 8. Be3
Bb6 9. Nbd2 h6 10. O-O O-O 11. Re1 Rfe8 12. Nf1 Rad8 13. Ng3 Na5 14. Bc2 c6 15.
Nh2 c5 16. Ng4 Nxg4 17. hxg4 Nc6 18. f3 d5 19. exd5 Bxd5 20. Kf2 Qc7 21. Qd2 c4
22. dxc4 Bxc4 23. Rh1 Rxd2+ 24. Kg1 Bxe3+ 25. Kh2 Rxc2 26. Nf5 e4+ 27. Kh3 Bg5
28. b3 Be6 29. fxe4 Rxc3+ 30. g3 Bxf5 31. exf5 Qxg3# {MartignoniMarg est échec et mat} 0-1

[Event "Tournament 14473 - Europe Echecs"]
[Site "Europe Echecs"]
[Date "2020.07.11"]
[Round "5"]
[Time "16:00:12"]
[PlyCount "51"]
[White "HalilovicDario"]
[Black "GroussetNathan"]
[WhiteElo "1170"]
[BlackElo "1476"]
[Mode "WEB"]
[Result "0-1"]

1. e4 c5 2. Nf3 g6 3. d4 cxd4 4. Nxd4 Bg7 5. Nc3 Nc6 6. Nf3 d6 7. Bb5 Bd7 8. Bf4
Nf6 9. Qd2 O-O 10. O-O-O a6 11. Ba4 b5 12. Bb3 Qb6 13. h4 a5 14. a3 b4 15. Nd5
Nxd5 16. exd5 Ne5 17. Nxe5 dxe5 18. Bh6 Rfb8 19. Bxg7 Kxg7 20. Kb1 bxa3 21. bxa3
a4 22. Ka2 axb3+ 23. cxb3 Qxb3+ 24. Ka1 Rxa3+ 25. Qa2 Qxa2# {HalilovicDario est échec et mat} 0-1

[Event "Tournament 14473 - Europe Echecs"]
[Site "Europe Echecs"]
[Date "2020.07.11"]
[Round "5"]
[Time "16:00:12"]
[PlyCount "78"]
[White "LiJacques"]
[Black "LemaireVivien"]
[WhiteElo "1076"]
[BlackElo "1471"]
[Mode "WEB"]
[Result "1-0"]

1. e4 c5 2. d4 cxd4 3. c3 dxc3 4. Nxc3 g6 5. Nf3 Bg7 6. Bf4 Nc6 7. Nb5 d6 8. Qd2
Nf6 9. Bc4 Nxe4 10. Qc1 Qa5+ 11. Nc3 Bxc3+ 12. bxc3 Nxc3 13. Bd2 Ne2 14. Bxe2
Qd8 15. Qc3 O-O 16. Bh6 Qa5 17. Qxa5 Nxa5 18. Bxf8 Kxf8 19. O-O Bg4 20. h3 Bf5
21. Nd4 Bd7 22. Bb5 Bxb5 23. Nxb5 a6 24. Nc3 Rc8 25. Ne4 Rc4 26. Nd2 Rc2 27. Nf3
e5 28. Rfc1 Re2 29. Rc8+ Kg7 30. Kf1 Rb2 31. Rc7 b5 32. Ng5 Nc4 33. Rxf7+ Kh6
34. h4 Kh5 35. f3 Ne3+ 36. Kg1 Rxg2+ 37. Kh1 Kxh4 38. Ne4 d5 39. Rxh7# {LemaireVivien est échec et mat} 1-0

[Event "Tournament 14473 - Europe Echecs"]
[Site "Europe Echecs"]
[Date "2020.07.11"]
[Round "5"]
[Time "16:00:12"]
[PlyCount "38"]
[White "GerardKelian"]
[Black "EricAndrianaFi"]
[WhiteElo "1056"]
[BlackElo "1401"]
[Mode "WEB"]
[Result "1-0"]

1. d4 d5 2. c4 e6 3. Nc3 Nf6 4. Nf3 b6 5. e3 Bb7 6. Bd3 Nbd7 7. Bc2 Be7 8. O-O
O-O 9. Re1 Rc8 10. e4 c5 11. e5 Ne8 12. g3 Nc7 13. h4 cxd4 14. Bg5 dxc3 15. Bxe7
Qxe7 16. Bxh7+ Kxh7 17. Ng5+ Kh6 18. Qd3 Nc5 19. Qh7# {EricAndrianaFi est échec et mat} 1-0

[Event "Tournament 14473 - Europe Echecs"]
[Site "Europe Echecs"]
[Date "2020.07.11"]
[Round "5"]
[Time "16:00:12"]
[PlyCount "126"]
[White "RusuCarloman"]
[Black "AlsruheFelix"]
[WhiteElo "1357"]
[BlackElo "1213"]
[Mode "WEB"]
[Result "1-0"]

1. e4 e6 2. d4 d5 3. Nc3 dxe4 4. Nxe4 Nf6 5. Ng3 Be7 6. Nf3 O-O 7. Bd3 b6 8. O-O
Bb7 9. c3 Nbd7 10. Re1 c5 11. Ne4 Nxe4 12. Bxe4 cxd4 13. Qxd4 Bxe4 14. Qxe4 Nc5
15. Qd4 Qxd4 16. cxd4 Nd3 17. Re3 Nxc1 18. Rxc1 h5 19. d5 Bc5 20. Rd3 exd5 21.
Rxd5 Rad8 22. Rcd1 Rxd5 23. Rxd5 a5 24. b3 g6 25. Kf1 Kg7 26. Ne5 Kf6 27. Nd7+
Ke6 28. Rxc5 Kxd7 29. Rc3 Re8 30. f3 Kd6 31. Kf2 Kd5 32. Rd3+ Kc5 33. a3 Re7 34.
Re3 Rxe3 35. Kxe3 g5 36. Ke4 g4 37. fxg4 hxg4 38. h3 gxh3 39. gxh3 b5 40. h4 Kd6
41. Kf5 Ke7 42. h5 Kf8 43. Kf6 Kg8 44. h6 Kh7 45. Kxf7 Kxh6 46. Ke6 Kg5 47. Kd5
Kf4 48. Kc5 Ke3 49. Kxb5 Kd3 50. Kxa5 Kc2 51. Kb4 Kb2 52. a4 Ka2 53. a5 Kb2 54.
a6 Kc2 55. a7 Kd3 56. a8=Q Kd4 57. Qd8+ Ke4 58. Kc4 Ke3 59. Qh4 Kf3 60. Kd3 Kg2
61. Ke3 Kg1 62. Kf3 Kf1 63. Qf2# {AlsruheFelix est échec et mat} 1-0

[Event "Tournament 14473 - Europe Echecs"]
[Site "Europe Echecs"]
[Date "2020.07.11"]
[Round "5"]
[Time "16:00:12"]
[PlyCount "117"]
[White "TaffouraudWill"]
[Black "GavilaQuentin"]
[WhiteElo "1199"]
[BlackElo "1199"]
[Mode "WEB"]
[Result "0-1"]

1. e4 e6 2. Nc3 d5 3. Nf3 Nf6 4. b3 dxe4 5. Nd4 Qxd4 6. Bb2 Qd8 7. Bb5+ Nc6 8.
d3 Bb4 9. O-O O-O 10. dxe4 Qxd1 11. Raxd1 Bxc3 12. Bxc3 Nxe4 13. Bb2 Nd6 14. Bd3
Nb4 15. Be2 Nxa2 16. Rd4 Rd8 17. Rfd1 b6 18. R1d3 Bb7 19. Rh3 a5 20. Rdh4 h6 21.
Bxg7 Nf5 22. Bf6 Nxh4 23. Bxd8 Rxd8 24. Rxh4 Ba6 25. Bxa6 Rd1+ 26. Bf1 Nc3 27.
g3 Kg7 28. Rg4+ Kf8 29. Rc4 Nd5 30. Kg2 b5 31. Rh4 Rc1 32. Rxh6 Rxc2 33. Bxb5 c6
34. Ba4 Ne3+ 35. Kf3 Nf5 36. Rh8+ Ke7 37. b4 Ra2 38. Bxc6 Nd4+ 39. Kf4 Nxc6 40.
h4 axb4 41. Rb8 Nxb8 42. h5 Rxf2+ 43. Ke3 Rf6 44. Kd2 Rh6 45. g4 f5 46. gxf5
exf5 47. Kc2 Rxh5 48. Kb3 Rh6 49. Kxb4 Re6 50. Kc3 f4 51. Kd2 f3 52. Kd3 f2 53.
Kd4 f1=Q 54. Kd5 Re2 55. Kc5 Qd1 56. Kb6 Rc2 57. Kb7 Qb1+ 58. Ka8 Ra2# {TaffouraudWill est échec et mat} 0-1

[Event "Tournament 14473 - Europe Echecs"]
[Site "Europe Echecs"]
[Date "2020.07.11"]
[Round "6"]
[Time "16:30:57"]
[PlyCount "51"]
[White "RobertMathias"]
[Black "HingouetMatthi"]
[WhiteElo "2140"]
[BlackElo "2228"]
[Mode "WEB"]
[Result "0-1"]

1. Nf3 Nf6 2. g3 d5 3. c4 e6 4. Bg2 Be7 5. O-O O-O 6. b3 b6 7. Bb2 Bb7 8. Ne5
Nbd7 9. f4 c5 10. e3 Qc7 11. Qe2 Rad8 12. d3 Ne8 13. Qg4 Bf6 14. d4 cxd4 15.
exd4 dxc4 16. Bxb7 Qxb7 17. bxc4 Nd6 18. Nd2 Nf5 19. Rae1 Nc5 20. d5 Nh6 21. Qh5
exd5 22. g4 Bxe5 23. Bxe5 f6 24. Ba1 Qf7 25. Qh3 Qg6 {RobertMathias a perdu au temps} 0-1

[Event "Tournament 14473 - Europe Echecs"]
[Site "Europe Echecs"]
[Date "2020.07.11"]
[Round "6"]
[Time "16:30:57"]
[PlyCount "92"]
[White "Razafindratsim"]
[Black "TravadonLoic"]
[WhiteElo "2336"]
[BlackElo "2431"]
[Mode "WEB"]
[Result "1-0"]

1. e4 c5 2. Nf3 e6 3. d4 cxd4 4. Nxd4 Nf6 5. Nc3 Nc6 6. Ndb5 Bc5 7. Bf4 O-O 8.
Bc7 Qe7 9. Bd6 Bxd6 10. Qxd6 Qd8 11. O-O-O a6 12. Nd4 Ne7 13. f3 b5 14. a3 Bb7
15. h4 Nc8 16. Qg3 d5 17. e5 Nd7 18. f4 Kh8 19. f5 exf5 20. Nxf5 g6 21. Nd6 Nxd6
22. exd6 Nf6 23. Be2 Rc8 24. h5 Kg7 25. h6+ Kg8 26. Rhf1 Ne4 27. Qe5 f6 28. Qe6+
Kh8 29. Nxd5 Ng3 30. Rfe1 Bxd5 31. Qxd5 Qd7 32. Bf3 Rf7 33. Bg4 f5 34. Qe5+ Kg8
35. Bf3 Ne4 36. Bxe4 fxe4 37. Rxe4 Rf2 38. Re2 Rf7 39. Qd5 Kh8 40. Rde1 Rf6 41.
Re7 Qd8 42. d7 Rxc2+ 43. Kxc2 Rf2+ 44. Kb1 Rxb2+ 45. Kxb2 Qxd7 46. Re8+ {TravadonLoic a abandonné} 1-0

[Event "Tournament 14473 - Europe Echecs"]
[Site "Europe Echecs"]
[Date "2020.07.11"]
[Round "6"]
[Time "16:30:57"]
[PlyCount "74"]
[White "SayaEthan"]
[Black "EllisAntoine"]
[WhiteElo "2199"]
[BlackElo "2066"]
[Mode "WEB"]
[Result "1-0"]

1. e4 c6 2. d4 d5 3. Nc3 dxe4 4. Nxe4 Nf6 5. Nxf6+ exf6 6. g3 Bd6 7. Bg2 O-O 8.
Ne2 Re8 9. Be3 Bg4 10. O-O Nd7 11. Qd2 Nb6 12. b3 Nd5 13. Rfe1 Qc7 14. Nf4 Nxe3
15. Rxe3 Bxf4 16. Rxe8+ Rxe8 17. Qxf4 Qxf4 18. gxf4 Re2 19. c4 Rd2 20. d5 cxd5
21. cxd5 Kf8 22. Rc1 Ke7 23. f3 Bd7 24. Rc7 Rxd5 25. Rxb7 a5 26. Ra7 f5 27. Bf1
Kf6 28. Bc4 Rd1+ 29. Kf2 a4 30. bxa4 Rd4 31. Bb3 Be6 32. a5 Rb4 33. Ra6 Ke7 34.
Rb6 Rxb6 35. axb6 Kd6 36. Bxe6 fxe6 37. a4 {EllisAntoine a abandonné} 1-0

[Event "Tournament 14473 - Europe Echecs"]
[Site "Europe Echecs"]
[Date "2020.07.11"]
[Round "6"]
[Time "16:30:57"]
[PlyCount "193"]
[White "JolyJulien"]
[Black "DavidBogdanEma"]
[WhiteElo "2188"]
[BlackElo "2092"]
[Mode "WEB"]
[Result "1-0"]

1. c4 g6 2. Nf3 Bg7 3. g3 c5 4. Bg2 Nc6 5. O-O e5 6. Nc3 Nge7 7. a3 O-O 8. b4
cxb4 9. axb4 Nxb4 10. Ba3 Nbc6 11. Ng5 Re8 12. Nb5 h6 13. Ne4 Nf5 14. Ned6 Nxd6
15. Bxd6 Bf8 16. c5 Re6 17. Nc7 Bxd6 18. cxd6 Rb8 19. Nxe6 dxe6 20. Bxc6 bxc6
21. Rxa7 Qxd6 22. d3 c5 23. Qa4 Bb7 24. Rb1 Bc6 25. Rxb8+ Qxb8 26. Qa1 Qb3 27.
Ra3 Qd5 28. e4 Qd6 29. Ra6 Qc7 30. Qc3 Bb5 31. Ra8+ Kg7 32. Ra5 Qb6 33. Qxe5+ f6
34. Qa1 g5 35. Ra7+ Kg6 36. Ra3 c4 37. dxc4 Bxc4 38. Rf3 e5 39. Kg2 Qb7 40. Re3
Qb5 41. Qc1 Be6 42. h4 Qd7 43. Qe1 Qd4 44. Qe2 g4 45. Rd3 Qc4 46. Re3 Qd4 47.
Qd3 Qb4 48. Qd8 h5 49. Qe8+ Bf7 50. Qd7 Qc4 51. Qf5+ Kg7 52. Qd7 Qb4 53. Qd3 Bc4
54. Qd7+ Bf7 55. Qd3 Kg6 56. Qc3 Qa4 57. Qd2 Qc6 58. Qd8 Bc4 59. Qd2 Be6 60. Kh2
Qb5 61. Qe2 Bc4 62. Qd2 Qb1 63. Re1 Qb3 64. Rc1 Be6 65. Re1 Bc4 66. Qe3 Qc2 67.
Rc1 Qa2 68. Re1 Qc2 69. Kg1 Qa2 70. Qc5 Bf7 71. Qc3 Qa4 72. Qe3 Qc4 73. Kh2 Be6
74. Rc1 Qa2 75. Rc6 Bd7 76. Rd6 Be8 77. Qb6 Qf7 78. Qd8 Ba4 79. Rb6 Kg7 80. Rb8
Qe6 81. Qh8+ Kf7 82. Qg8+ Ke7 83. Qd8+ Kf7 84. Rb7+ Kg6 85. Re7 Qa2 86. Qb6 Bc2
87. Rxe5 Qc4 88. Rf5 Qc3 89. Rf4 Qe5 90. Qd8 Bxe4 91. Qg8+ Kh6 92. Qh8+ Kg6 93.
Qg8+ Kh6 94. Qf7 Bd5 95. Rxf6+ Qxf6 96. Qxf6+ Kh7 {DavidBogdanEma a abandonné} 1-0

[Event "Tournament 14473 - Europe Echecs"]
[Site "Europe Echecs"]
[Date "2020.07.11"]
[Round "6"]
[Time "16:30:57"]
[PlyCount "93"]
[White "RachidAlexandr"]
[Black "KuhnClement"]
[WhiteElo "2079"]
[BlackElo "2150"]
[Mode "WEB"]
[Result "0-1"]

1. e4 c5 2. Nf3 Nc6 3. Bb5 g6 4. Bxc6 dxc6 5. h3 Bg7 6. d3 Nf6 7. Be3 b6 8. Nc3
O-O 9. Qd2 e5 10. O-O Qd6 11. Nh2 Nh5 12. g4 Nf4 13. Bxf4 exf4 14. Rab1 f5 15.
f3 fxg4 16. fxg4 h5 17. gxh5 Bxh3 18. Rf3 Bd7 19. hxg6 Qxg6+ 20. Kh1 Bd4 21. Ne2
Be3 22. Rxe3 fxe3 23. Qxe3 Kh7 24. Rg1 Qh6 25. Qg3 Rf7 26. Qg5 Qxg5 27. Rxg5 Rf2
28. Rg2 Raf8 29. Kg1 R2f6 30. Ng3 Bh3 31. Re2 Kh6 32. Nf5+ Bxf5 33. exf5 Rxf5
34. Kg2 Rg8+ 35. Kh1 Rfg5 36. Nf3 Rg3 37. Re6+ Kh5 38. Re5+ Kg4 39. Nh2+ Kf4 40.
Re4+ Kf5 41. Re1 Rg2 42. Rc1 Rf2 43. Rf1 Rxf1+ 44. Nxf1 Kf4 45. Nd2 Ke3 46. Nc4+
Kf2 {RachidAlexandr a abandonné} 0-1

[Event "Tournament 14473 - Europe Echecs"]
[Site "Europe Echecs"]
[Date "2020.07.11"]
[Round "6"]
[Time "16:30:57"]
[PlyCount "146"]
[White "DalaudDorian"]
[Black "WeismanNathan"]
[WhiteElo "2242"]
[BlackElo "2186"]
[Mode "WEB"]
[Result "1-0"]

1. c4 Nf6 2. Nc3 d5 3. cxd5 Nxd5 4. Nf3 g6 5. Qb3 Nxc3 6. Qxc3 f6 7. d4 Bg7 8.
e4 Nd7 9. Bc4 e5 10. dxe5 Nxe5 11. Nxe5 fxe5 12. O-O Qf6 13. Rd1 Bd7 14. Qb3
O-O-O 15. Be3 Kb8 16. Bd5 Bc6 17. Bg5 Qxg5 18. Bxc6 b6 19. Bd5 Rd6 20. a4 c6 21.
Bc4 Rhd8 22. Rxd6 Rxd6 23. a5 b5 24. Bf1 Qd8 25. Rc1 a6 26. g3 Bh6 27. Rc5 Kb7
28. Qf7+ Qd7 29. Qg8 Qe7 30. Rc3 Bd2 31. Rf3 Rf6 32. Rxf6 Qxf6 33. Qxh7+ Kb8 34.
Qg8+ Kc7 35. Qh7+ Kb8 36. Qd7 Bxa5 37. Bh3 Bb6 38. Qc8+ Ka7 39. Qd7+ Kb8 40. Qd2
a5 41. Kg2 Qd8 42. Qc3 Qd4 43. Qf3 a4 44. Qf8+ Ka7 45. Qf7+ Ka6 46. Bc8+ Ka5 47.
Qxg6 Qxf2+ 48. Kh3 Qxb2 49. Qxc6 a3 50. Qa8+ Kb4 51. Be6 Bg1 52. Qf8+ Kc3 53.
Qc8+ Kd3 54. Qd7+ Bd4 55. Qd5 Ke3 56. Kg4 Qxh2 57. Qb3+ Kf2 58. Qxa3 Be3 59.
Qb2+ Kg1 60. Qxe5 Bf2 61. Bd5 Qg2 62. Qf4 b4 63. Qc1+ Qf1 64. Qf4 Qe2+ 65. Kf5
Qe3 66. Qxe3 Bxe3 67. g4 Kf2 68. g5 Kg3 69. g6 Bh6 70. e5 Kh4 71. e6 Bf8 72. g7
Bxg7 73. e7 {WeismanNathan a abandonné} 1-0

[Event "Tournament 14473 - Europe Echecs"]
[Site "Europe Echecs"]
[Date "2020.07.11"]
[Round "6"]
[Time "16:30:57"]
[PlyCount "105"]
[White "BoscGabriel"]
[Black "RobertYoann"]
[WhiteElo "1994"]
[BlackElo "2071"]
[Mode "WEB"]
[Result "0-1"]

1. f4 c5 2. e3 Nc6 3. b3 d6 4. Bb2 Nf6 5. Nf3 g6 6. Bd3 Bg7 7. a3 O-O 8. O-O Qc7
9. Nc3 a6 10. h3 e5 11. fxe5 dxe5 12. e4 Nd4 13. a4 b6 14. Ne2 Bb7 15. Ng3 Rad8
16. Bxd4 exd4 17. e5 Nd7 18. Be4 Nxe5 19. d3 Nd7 20. Bxb7 Qxb7 21. Ne4 Nf6 22.
Nfg5 Nxe4 23. Nxe4 f5 24. Ng5 Rde8 25. Re1 Qc6 26. Qd2 Bf6 27. Qf4 Rxe1+ 28.
Rxe1 Re8 29. Rxe8+ Qxe8 30. Nf3 Qc6 31. Qb8+ Kg7 32. Qa7+ Kh6 33. Qxa6 Bd8 34.
Qc4 Qd6 35. Qf7 Bc7 36. h4 Qf4 37. Qf8+ Kh5 38. Qe7 Qc1+ 39. Ne1 Bf4 40. Qxh7+
Bh6 41. Qe7 Be3+ 42. Kh2 Qxe1 43. Qh7+ Bh6 44. g3 Qf2+ 45. Kh3 Qxc2 46. Qb7 Qf2
47. Qxb6 Qf1+ 48. Kh2 Be3 49. Qb7 Bg1+ 50. Kh1 Bf2+ 51. Kh2 Qg1+ 52. Kh3 Qxg3# {BoscGabriel est échec et mat} 0-1

[Event "Tournament 14473 - Europe Echecs"]
[Site "Europe Echecs"]
[Date "2020.07.11"]
[Round "6"]
[Time "16:30:57"]
[PlyCount "84"]
[White "RebutPaul"]
[Black "CavaillesEvan"]
[WhiteElo "1966"]
[BlackElo "2018"]
[Mode "WEB"]
[Result "1/2-1/2"]

1. d4 d5 2. Bf4 Nf6 3. e3 c5 4. Nd2 Nc6 5. c3 e6 6. Ngf3 Bd6 7. Bg3 O-O 8. Bd3
b6 9. e4 Be7 10. Ne5 Bb7 11. Nxc6 Bxc6 12. e5 Ne4 13. O-O cxd4 14. cxd4 Bb4 15.
Nf3 Qd7 16. a3 Be7 17. Qe2 Rac8 18. Rac1 Rc7 19. Nd2 Nxd2 20. Qxd2 Rfc8 21. Rc3
b5 22. Rc2 b4 23. axb4 Bb5 24. Rfc1 Bxd3 25. Qxd3 Bxb4 26. Bf4 a5 27. Bd2 Rxc2
28. Rxc2 Rxc2 29. Qxc2 Bxd2 30. Qxd2 Qb5 31. g3 g6 32. Qg5 Qb6 33. Qd2 Kg7 34.
h4 h5 35. Kg2 Qb5 36. Qg5 Qxb2 37. Qf6+ Kg8 38. Qd8+ Kh7 39. Qe7 Kg7 40. Qf6+
Kg8 41. Qd8+ Kg7 42. Qf6+ {Nulle par répétition} 1/2-1/2

[Event "Tournament 14473 - Europe Echecs"]
[Site "Europe Echecs"]
[Date "2020.07.11"]
[Round "6"]
[Time "16:30:57"]
[PlyCount "102"]
[White "DroinAugustin"]
[Black "SabianiChjara"]
[WhiteElo "2313"]
[BlackElo "1842"]
[Mode "WEB"]
[Result "1-0"]

1. e4 c5 2. Nf3 Nc6 3. Bb5 g6 4. O-O Bg7 5. Nc3 Nf6 6. e5 Ng4 7. Bxc6 dxc6 8.
Re1 Qc7 9. Qe2 O-O 10. d3 Nh6 11. Ne4 b6 12. Bf4 Nf5 13. h3 Nd4 14. Nxd4 cxd4
15. Ng3 Be6 16. h4 h5 17. Qd2 Kh7 18. Ne4 Bd5 19. Ng5+ Kg8 20. e6 Qd8 21. exf7+
Bxf7 22. Be5 Bf6 23. Re2 Bd5 24. Rae1 Qd7 25. Bxf6 exf6 26. Re7 Qg4 27. f3 Qxh4
28. Nh3 Bf7 29. R1e4 Qg3 30. Rxd4 Rad8 31. Rxd8 Rxd8 32. Qc3 Qd6 33. Rxa7 Bd5
34. Nf2 Re8 35. Ne4 Bxe4 36. fxe4 Re7 37. Rxe7 Qxe7 38. Qxc6 Qa7 39. Qd5+ Kg7
40. a3 Qc7 41. c4 Qf4 42. Qd7+ Kh6 43. Qh3 Qc1+ 44. Kh2 Qxb2 45. Qe3+ Kg7 46. d4
g5 47. e5 g4 48. exf6+ Kxf6 49. Qh6+ Kf5 50. Qxh5+ Kf4 51. Qe5# {SabianiChjara est échec et mat} 1-0

[Event "Tournament 14473 - Europe Echecs"]
[Site "Europe Echecs"]
[Date "2020.07.11"]
[Round "6"]
[Time "16:30:57"]
[PlyCount "80"]
[White "MathieuPhileas"]
[Black "FrancoisGwlady"]
[WhiteElo "2214"]
[BlackElo "1816"]
[Mode "WEB"]
[Result "1-0"]

1. e4 d5 2. exd5 Qxd5 3. Nf3 Bg4 4. Be2 Nf6 5. d4 e6 6. O-O Be7 7. c4 Qd8 8. Be3
O-O 9. Nc3 c6 10. h3 Bh5 11. Qd2 Nbd7 12. Rfd1 c5 13. d5 exd5 14. cxd5 Bd6 15.
Rac1 a6 16. Ng5 Bxe2 17. Qxe2 h6 18. Nge4 Qc7 19. Nxd6 Qxd6 20. Qf3 Ne5 21. Qg3
Nc4 22. Qxd6 Nxd6 23. Bxc5 Rfd8 24. Bxd6 Rxd6 25. Rd4 Rad8 26. Rcd1 b5 27. a3
Kf8 28. f3 Ke7 29. Kf2 Kd7 30. Ne4 Rb6 31. b4 Rc8 32. Nc5+ Kd6 33. h4 Nd7 34.
Ne4+ Ke7 35. R1d2 Ne5 36. d6+ Kd8 37. Nc5 Nc4 38. d7 Nxd2 39. dxc8=Q+ Kxc8 40.
Rxd2 {FrancoisGwlady a abandonné} 1-0

[Event "Tournament 14473 - Europe Echecs"]
[Site "Europe Echecs"]
[Date "2020.07.11"]
[Round "6"]
[Time "16:30:57"]
[PlyCount "67"]
[White "courjalpauline"]
[Black "FereyAntonin"]
[WhiteElo "1848"]
[BlackElo "2138"]
[Mode "WEB"]
[Result "0-1"]

1. e4 e5 2. Nf3 Nc6 3. Bc4 Bc5 4. c3 Nf6 5. d3 a6 6. Bb3 Ba7 7. O-O d6 8. Re1
O-O 9. Nbd2 Ng4 10. Re2 Kh8 11. h3 Nh6 12. Nf1 f5 13. Bxh6 gxh6 14. exf5 Bxf5
15. Qd2 Qf6 16. N1h2 Qg7 17. Kh1 Ne7 18. d4 Ng6 19. dxe5 dxe5 20. Rg1 Rad8 21.
Qe1 Nf4 22. Rd2 Nd3 23. Qf1 e4 24. Nh4 Bg6 25. Nxg6+ Qxg6 26. Ng4 h5 27. Rxd3
exd3 28. Ne5 Qf5 29. Qe1 Bxf2 30. Rf1 Bxe1 31. Rxf5 Rxf5 32. Nf7+ Rxf7 33. Bxf7
d2 {courjalpauline a abandonné} 0-1

[Event "Tournament 14473 - Europe Echecs"]
[Site "Europe Echecs"]
[Date "2020.07.11"]
[Round "6"]
[Time "16:30:57"]
[PlyCount "116"]
[White "TomasiElise"]
[Black "KrivcenkoAlexa"]
[WhiteElo "2030"]
[BlackElo "1795"]
[Mode "WEB"]
[Result "1-0"]

1. d4 Nf6 2. Nf3 d5 3. g3 e6 4. Bg2 Be7 5. O-O O-O 6. c4 dxc4 7. Qc2 b5 8. a4 b4
9. Qxc4 Ba6 10. Qc2 b3 11. Qxb3 Bxe2 12. Re1 Bxf3 13. Bxf3 c6 14. Qb7 Nd5 15.
Nc3 Qc7 16. Qxc7 Nxc7 17. Bf4 Nd5 18. Nxd5 cxd5 19. Bxd5 exd5 20. Rxe7 Nc6 21.
Rd7 Nxd4 22. Rxd5 Ne2+ 23. Kg2 Nxf4+ 24. gxf4 Rab8 25. Rb5 h6 26. b4 Rxb5 27.
axb5 Rb8 28. Rxa7 Rxb5 29. Ra4 Kh7 30. Kf3 Kg6 31. Ke4 Rh5 32. Ra6+ f6 33. Ra2
Rxh2 34. b5 Rh5 35. Rb2 Rc5 36. b6 Rc8 37. b7 Rb8 38. f5+ Kg5 39. f4+ Kh4 40.
Kf3 Kh3 41. Rb1 Kh2 42. Kg4 Kg2 43. Rb2+ Kf1 44. Kh5 Ke1 45. Kg6 Kd1 46. Kxg7 h5
47. Kxf6 h4 48. Kg6 h3 49. f6 Rg8+ 50. Kh7 Rb8 51. f7 Rxb7 52. Rxb7 h2 53. Rb1+
Ke2 54. Rh1 Kf2 55. Rxh2+ Kf3 56. f8=Q Kg4 57. Qg7+ Kxf4 58. Rf2+ {KrivcenkoAlexa a abandonné} 1-0